000 01073nas a2200313 i 4500
001 2761
003 ES-MaACL
005 20250829124241.0
007 t|
008 000301c1949 sp q| | 0 ||pa d
022 _a0210-5934
080 _a(460)
080 _a37
245 0 0 _aBordón /
_cSociedad Española de Pedagogía.
260 _aMadrid :
_bSociedad Española de Pedagogía,
_c1949-
300 _a4 v. ;
_c25 cm.
310 _a4 números al año
321 _aBimestral (excepto julio y agosto),
_bhasta 1995
362 0 _aNº 1 (1949)-
650 7 _aEducación
_2embne
_912073
655 7 _2tgfbne
_9226866
_aRevistas
710 2 _aSociedad Española de Pedagogía (Madrid)
_96749
852 _aES-MaACL
_jHEM-2041
_cHEM
_zExpurgado marzo 2025: posterior 1958; sin encuadernar; en acceso abierto
856 _uhttps://dialnet.unirioja.es/servlet/revista?codigo=236
_ySumarios de la revista en Dialnet
866 0 _o1990-1991(1992-1994)1995-1997(1998)1999.
942 _2udc
_cPERIODICA
999 _c2761
_d2761